[Event "Berlin Eckbauer op 21st"]
[Site "Berlin"]
[Date "2018.10.22"]
[Round "3"]
[White "Huebscher, Joachim"]
[Black "Hankow, Bert Juergen"]
[Result "1-0"]
[WhiteElo "1781"]
[BlackElo "2018"]
[PlyCount "73"]
[EventDate "2018.10.08"]
[EventType "swiss"]
[EventRounds "7"]
[EventCountry "GER"]
[SourceTitle "CBM 189 Extra"]
[Source "ChessBase"]
[SourceDate "2019.06.03"]
[SourceVersion "1"]
[SourceVersionDate "2019.06.03"]
[SourceQuality "1"]

1. e4 e6 2. Qe2 c5 3. d3 Nc6 4. c3 Be7 5. f4 d6 6. Nf3 Nf6 7. g3 Qc7 8. a4 b6 9. Bg2 Bb7 10. Na3 a6 11. Nc2 0-0 12. 0-0 a5 13. Nh4 Rfe8 14. Ne3 Rad8 15. f5 exf5 16. Nexf5 Bc8 17. Bg5 Ne5 18. Nxe7+ Qxe7 19. Bxf6 gxf6 20. Nf5 Bxf5 21. Rxf5 Kh8 22. Raf1 Nd7 23. Rh5 Rg8 24. Bh3 Ne5 25. Bf5 Rg7 26. Rh6 Rdg8 27. Kh1 Ng6 28. Qh5 Qe5 29. Rf4 Qxf4 30. gxf4 Nf8 31. Qd1 Ng6 32. Bxg6 fxg6 33. Rh3 Re8 34. Qb3 f5 35. Qd5 fxe4 36. dxe4 Rge7 37. Re3 1-0

[Event "Berlin Eckbauer op 20th"]
[Site "Berlin"]
[Date "2017.11.27"]
[Round "7"]
[White "Huebscher, Joachim"]
[Black "Landt, Stefan"]
[Result "0-1"]
[WhiteElo "1798"]
[BlackElo "1897"]
[PlyCount "105"]
[EventDate "2017.10.09"]
[EventType "swiss"]
[EventRounds "7"]
[EventCountry "GER"]
[SourceTitle "CBM 189 Extra"]
[Source "ChessBase"]
[SourceDate "2019.06.03"]
[SourceVersion "1"]
[SourceVersionDate "2019.06.03"]
[SourceQuality "1"]

1. e4 c6 2. d3 d5 3. Nc3 d4 4. Nce2 c5 5. f4 Nc6 6. Nf3 Nf6 7. Ng3 e5 8. f5 Bd6 9. Bg5 h6 10. Bxf6 gxf6 11. Nh5 Bd7 12. Be2 Qa5+ 13. Nd2 Ke7 14. 0-0 Rag8 15. Nc4 Qc7 16. Qe1 Rg5 17. Qh4 Qd8 18. Nd2 Rhg8 19. g4 Kf8 20. h3 Rh8 21. Nf3 Rgg8 22. Qe1 Be7 23. Nd2 Qa5 24. a3 Qc7 25. Qh4 Qd8 26. Rfb1 Bc8 27. Nf3 Qc7 28. Qe1 Qb6 29. b4 cxb4 30. axb4 Nxb4 31. Ra4 a5 32. Rba1 Bd8 33. Rxa5 Nxc2 34. Qc1 Nxa1 35. Rxa1 Bd7 36. Ra8 Ke7 37. Nd2 Bc7 38. Nc4 Qc6 39. Rxg8 Rxg8 40. Qxh6 b5 41. Nd2 b4 42. Bd1 Ra8 43. Bb3 Be8 44. Kf2 Ra3 45. Bc4 Rc3 46. h4 Qb6 47. Nb3 Ba4 48. Qg7 Rxc4 49. dxc4 Bxb3 50. g5 d3+ 51. Ke1 Qg1+ 52. Kd2 Qf2+ 53. Kc1 0-1

[Event "Berlin Eckbauer op 20th"]
[Site "Berlin"]
[Date "2017.10.16"]
[Round "2"]
[White "Huebscher, Joachim"]
[Black "Burger, Heinrich"]
[Result "0-1"]
[WhiteElo "1798"]
[BlackElo "2081"]
[PlyCount "42"]
[EventDate "2017.10.09"]
[EventType "swiss"]
[EventRounds "7"]
[EventCountry "GER"]
[SourceTitle "CBM 189 Extra"]
[Source "ChessBase"]
[SourceDate "2019.06.03"]
[SourceVersion "1"]
[SourceVersionDate "2019.06.03"]
[SourceQuality "1"]

1. e4 c5 2. d3 Nc6 3. c3 d5 4. Qe2 e5 5. f4 Nf6 6. Nf3 Bd6 7. f5 c4 8. Bg5 cxd3 9. Qxd3 dxe4 10. Bxf6 Qxf6 11. Qxe4 Bxf5 12. Qe3 0-0 13. Bc4 Rac8 14. Nbd2 Na5 15. Bd5 Bc5 16. Qe2 e4 17. Nxe4 Bxe4 18. Bxe4 Nc4 19. 0-0-0 Ba3 20. bxa3 Qxc3+ 21. Bc2 Qb2# 0-1

[Event "Berlin Werner Ott op"]
[Site "Berlin"]
[Date "2017.07.17"]
[Round "3"]
[White "Huebscher, Joachim"]
[Black "Wierzbicki, Jirawat"]
[Result "0-1"]
[WhiteElo "1812"]
[BlackElo "2081"]
[PlyCount "64"]
[EventDate "2017.07.15"]
[EventType "swiss"]
[EventRounds "9"]
[EventCountry "GER"]
[SourceTitle "EXT 2019"]
[Source "ChessBase"]
[SourceDate "2018.10.10"]
[SourceVersion "1"]
[SourceVersionDate "2018.10.10"]
[SourceQuality "1"]

1. e4 e5 2. Nf3 Nc6 3. Bb5 a6 4. Bxc6 dxc6 5. 0-0 Bg4 6. h3 h5 7. d3 Bd6 8. Be3 Ne7 9. Nbd2 f6 10. Nb3 b6 11. d4 0-0 12. c4 exd4 13. Nbxd4 Qd7 14. c5 Bxc5 15. Nf5 Qxd1 16. Rfxd1 Nxf5 17. Bxc5 bxc5 18. exf5 Bxf3 19. gxf3 Rfd8 20. Rac1 Rxd1+ 21. Rxd1 Rb8 22. Rd2 Kf8 23. b3 Ke7 24. f4 Rb4 25. Rc2 Kd6 26. Rc3 Rxf4 27. Rg3 Rxf5 28. Rxg7 Rg5+ 29. Rxg5 fxg5 30. h4 gxh4 31. Kg2 Ke5 32. Kf3 Kf5 0-1

[Event "Berlin Kreuzberg op"]
[Site "Berlin"]
[Date "2016.07.22"]
[Round "7"]
[White "Jurkatis, Hagen"]
[Black "Huebscher, Joachim"]
[Result "0-1"]
[WhiteElo "1985"]
[BlackElo "1776"]
[PlyCount "151"]
[EventDate "2016.07.16"]
[EventType "swiss"]
[EventRounds "9"]
[EventCountry "GER"]
[SourceTitle "CBM 173 Extra"]
[Source "ChessBase"]
[SourceDate "2016.08.29"]
[SourceVersion "1"]
[SourceVersionDate "2016.08.29"]
[SourceQuality "1"]

1. d4 e6 2. Bf4 d5 3. e3 Bd6 4. Bg3 Nf6 5. Nd2 h5 6. Ngf3 Nc6 7. a3 Qe7 8. c4 Bxg3 9. hxg3 Bd7 10. Ne5 Nxe5 11. dxe5 Ne4 12. Rxh5 Rxh5 13. Qxh5 0-0-0 14. Nxe4 dxe4 15. Rd1 Rf8 16. Qh4 Qxh4 17. gxh4 Rh8 18. g3 g5 19. hxg5 Rg8 20. Bg2 Bc6 21. Rd4 Rxg5 22. Bxe4 Be8 23. Bg2 Rxe5 24. b4 b6 25. Rh4 Kd7 26. Ke2 Rg5 27. g4 Kd6 28. f4 Rg7 29. Bf3 Ba4 30. Kd3 Bd7 31. g5 a5 32. Be4 axb4 33. axb4 c5 34. b5 e5 35. Rh6+ Kc7 36. Rh7 Rxh7 37. Bxh7 exf4 38. exf4 Kd6 39. Ke4 Be6 40. Kd3 Bh3 41. Be4 Bf1+ 42. Kc3 Bh3 43. Bd5 Ke7 44. Kd3 f6 45. Ke3 Bf5 46. Kf3 Bd3 47. Kg4 Be2+ 48. Kh4 f5 49. g6 Kf6 50. g7 Kxg7 51. Kg5 Bd3 52. Be6 Kf8 53. Kf6 Ke8 54. Bd5 Kd7 55. Ke5 Ke7 56. Be6 Kd8 57. Kd6 Be4 58. Bd5 Kc8 59. Kc6 Kd8 60. Kxb6 Bxd5 61. cxd5 c4 62. Ka7 c3 63. b6 c2 64. b7 c1Q 65. b8Q+ Kd7 66. Qb5+ Kd6 67. Ka6 Qc8+ 68. Ka5 Qc5 69. Qxc5+ Kxc5 70. d6 Kxd6 71. Kb4 Kd5 72. Kc3 Ke4 73. Kd2 Kxf4 74. Ke2 Kg3 75. Kf1 Kf3 76. Kg1 0-1

[Event "Berlin Eckbauer op 18th"]
[Site "Berlin"]
[Date "2015.11.23"]
[Round "7"]
[White "Wehr, Joachim"]
[Black "Huebscher, Joachim"]
[Result "1-0"]
[WhiteElo "1446"]
[BlackElo "1757"]
[PlyCount "95"]
[EventDate "2015.10.05"]
[EventType "swiss"]
[EventRounds "7"]
[EventCountry "GER"]
[SourceTitle "EXT 2022"]
[Source "ChessBase"]
[SourceDate "2021.10.06"]
[SourceVersion "1"]
[SourceVersionDate "2021.10.06"]
[SourceQuality "1"]

1. d4 e6 2. Nf3 Nf6 3. e3 b6 4. Bd3 Bb7 5. Nbd2 d6 6. 0-0 Nbd7 7. b3 Be7 8. Bb2 0-0 9. Qe2 Re8 10. e4 Nf8 11. Rfe1 Ng6 12. g3 Nd7 13. Qf1 e5 14. d5 a6 15. c4 h5 16. Qg2 Bc8 17. Nf1 h4 18. Bc1 h3 19. Qh1 Ngf8 20. Ne3 g5 21. Nf5 f6 22. g4 Ng6 23. Bf1 Nf4 24. Bxf4 exf4 25. Bxh3 Ne5 26. Nxe5 dxe5 27. Nxe7+ Rxe7 28. f3 Rh7 29. Bg2 Qd6 30. h3 a5 31. a3 b5 32. Kh2 bxc4 33. bxc4 Qf8 34. Qg1 Rb8 35. Reb1 Ba6 36. c5 Rd7 37. Rxb8 Qxb8 38. Rb1 Qf8 39. Qf2 Rd8 40. Qc2 Kf7 41. Qc3 Rb8 42. Rc1 Qh6 43. Qxa5 Rb2 44. Qxa6 Rf2 45. Kg1 Ra2 46. d6 cxd6 47. c6 Qh8 48. Qa7+ 1-0

[Event "Berlin Eckbauer op 18th"]
[Site "Berlin"]
[Date "2015.10.12"]
[Round "2"]
[White "Scharkowski, Albrecht"]
[Black "Huebscher, Joachim"]
[Result "0-1"]
[WhiteElo "1600"]
[BlackElo "1757"]
[PlyCount "113"]
[EventDate "2015.10.05"]
[EventType "swiss"]
[EventRounds "7"]
[EventCountry "GER"]
[SourceTitle "EXT 2022"]
[Source "ChessBase"]
[SourceDate "2021.10.06"]
[SourceVersion "1"]
[SourceVersionDate "2021.10.06"]
[SourceQuality "1"]

1. d4 e6 2. Nf3 Nf6 3. Bf4 Nh5 4. Bg5 Be7 5. Bxe7 Qxe7 6. c3 d5 7. Nbd2 Nd7 8. e4 dxe4 9. Nxe4 Ndf6 10. Bd3 Nxe4 11. Bxe4 Nf6 12. Bd3 0-0 13. 0-0 b6 14. Re1 Bb7 15. Qe2 a5 16. a4 Rac8 17. Rad1 c5 18. dxc5 Qxc5 19. Nd2 Qc6 20. f3 Qxa4 21. Nc4 Qc6 22. Qe3 Ba6 23. Ne5 Qb7 24. Bc2 Qc7 25. Nd3 Bxd3 26. Bxd3 Qc5 27. Qxc5 bxc5 28. Bc4 Rb8 29. Rd2 Rfd8 30. Ree2 Kf8 31. Kf2 Rxd2 32. Rxd2 a4 33. Ke3 Ke7 34. Kf4 Nd7 35. Ke4 Nb6 36. Bb5 Rd8 37. Rxd8 Kxd8 38. g4 Ke7 39. h4 h6 40. f4 f6 41. f5 e5 42. g5 Kd6 43. g6 Kc7 44. c4 Kd6 45. h5 Na8 46. Bxa4 Nc7 47. Bc2 Na6 48. b3 Nb4 49. Bb1 Nc6 50. Bc2 Nd4 51. Bd1 Kc6 52. Kd3 Nxf5 53. Kc3 Nd4 54. b4 cxb4+ 55. Kxb4 f5 56. Ba4+ Kc7 57. Kc5 0-1

[Event "Berlin Eckbauer op 18th"]
[Site "Berlin"]
[Date "2015.10.05"]
[Round "1"]
[White "Huebscher, Joachim"]
[Black "Toth, Ferenc2222"]
[Result "1/2-1/2"]
[WhiteElo "1757"]
[BlackElo "1974"]
[PlyCount "53"]
[EventDate "2015.10.05"]
[EventType "swiss"]
[EventRounds "7"]
[EventCountry "GER"]
[SourceTitle "EXT 2022"]
[Source "ChessBase"]
[SourceDate "2021.10.06"]
[SourceVersion "1"]
[SourceVersionDate "2021.10.06"]
[SourceQuality "1"]

1. e4 c5 2. d3 g6 3. f4 Bg7 4. Nf3 Nc6 5. c3 d5 6. Qe2 Bg4 7. Na3 a6 8. Nc2 dxe4 9. dxe4 e5 10. Ne3 Bxf3 11. Qxf3 Nf6 12. f5 Qa5 13. Nc4 Qc7 14. Be3 b5 15. Nd2 Ne7 16. g4 gxf5 17. exf5 Ned5 18. g5 Nxe3 19. Qxa8+ Kd7 20. Qxa6 Nc2+ 21. Kd1 Nxa1 22. Bxb5+ Ke7 23. gxf6+ Bxf6 24. Ne4 Bh4 25. f6+ Kd8 26. Qa8+ Qc8 27. Qd5+ 1/2-1/2

[Event "Berlin-ch qualification"]
[Site "Berlin-Lichtenrade"]
[Date "2011.04.25"]
[Round "3.3"]
[White "Huebscher, Joachim"]
[Black "Welz, Peter"]
[Result "0-1"]
[WhiteElo "1877"]
[BlackElo "2138"]
[PlyCount "48"]
[EventDate "2011.04.23"]
[EventType "swiss"]
[EventRounds "9"]
[EventCountry "GER"]
[SourceTitle "EXT 2022"]
[Source "ChessBase"]
[SourceDate "2021.10.06"]
[SourceVersion "1"]
[SourceVersionDate "2021.10.06"]
[SourceQuality "1"]

1. e4 e6 2. d4 d5 3. exd5 exd5 4. Bd3 Nc6 5. c3 Bd6 6. Ne2 Qh4 7. Ng3 Nge7 8. Nd2 Bg4 9. Qc2 0-0-0 10. 0-0 Kb8 11. Re1 f5 12. Ndf1 f4 13. Nf5 Bxf5 14. Bxf5 Rdf8 15. g3 Qh5 16. Bd3 g5 17. Be2 f3 18. Bd3 Rf6 19. Ne3 Rh6 20. h4 gxh4 21. g4 Rg8 22. Kh1 Rxg4 23. Nxg4 Qxg4 24. Bf5 Qg2# 0-1

[Event "Prague op-B 08th"]
[Site "Prague"]
[Date "2009.01.10"]
[Round "2"]
[White "Pliev, Vladimir"]
[Black "Huebscher, Joachim"]
[Result "1-0"]
[WhiteElo "2048"]
[BlackElo "1897"]
[PlyCount "41"]
[EventDate "2009.01.09"]
[EventType "swiss"]
[EventRounds "9"]
[EventCountry "CZE"]
[SourceTitle "EXT 2010"]
[Source "ChessBase"]
[SourceDate "2010.11.25"]
[SourceVersion "1"]
[SourceVersionDate "2010.11.25"]
[SourceQuality "1"]

1. e4 e6 2. d4 d5 3. Nc3 dxe4 4. Nxe4 Be7 5. Nf3 Nf6 6. Bd3 Nxe4 7. Bxe4 Nd7 8. 0-0 Nf6 9. Bd3 0-0 10. Bf4 b6 11. Re1 Bb7 12. Be5 Bd6 13. c3 Rc8 14. Bc2 Nd7 15. Qd3 g6 16. Qe3 Bxf3 17. Qxf3 Nxe5 18. dxe5 Bc5 19. b4 Be7 20. Ba4 c5 21. Rad1 1-0

[Event "Berlin Eckbauer op 09th"]
[Site "Berlin"]
[Date "2006.11.20"]
[Round "7"]
[White "Huebscher, Joachim"]
[Black "Prinz, Tade"]
[Result "1-0"]
[WhiteElo "1781"]
[BlackElo "1495"]
[PlyCount "119"]
[EventDate "2006.10.09"]
[EventType "swiss"]
[EventRounds "7"]
[EventCountry "GER"]
[SourceTitle "EXT 2022"]
[Source "ChessBase"]
[SourceDate "2021.10.06"]
[SourceVersion "1"]
[SourceVersionDate "2021.10.06"]
[SourceQuality "1"]

1. e4 e5 2. Nf3 d5 3. exd5 Bd6 4. Bb5+ Nd7 5. Qe2 Qe7 6. d3 a6 7. Ba4 Ngf6 8. Bg5 0-0 9. Nbd2 h6 10. Bh4 g5 11. Bg3 b5 12. Bb3 Re8 13. Ne4 Nxe4 14. dxe4 Nc5 15. c3 Nxb3 16. axb3 Bd7 17. h4 g4 18. Nd2 h5 19. b4 Qf6 20. Qe3 Qg6 21. Qg5 Re7 22. Nb3 Kh7 23. Qxg6+ Kxg6 24. Nc5 Bc8 25. Ke2 a5 26. Nb3 a4 27. Nc5 f5 28. f3 f4 29. Bf2 Rb8 30. Nd3 g3 31. Bc5 Bb7 32. Rhb1 Rd7 33. b3 Ra8 34. bxa4 bxa4 35. b5 Kf6 36. c4 Rdd8 37. Ba3 Bc8 38. c5 Bf8 39. b6 Ba6 40. bxc7 Rdc8 41. Rb6+ Kg7 42. d6 Bc4 43. Rab1 Bb3 44. Nxe5 Kg8 45. Rc6 Bg7 46. Nd3 Be6 47. Nxf4 Bd7 48. Rcb6 Bd4 49. Rb8 Kf7 50. Rxa8 Rxa8 51. Rb8 Ra7 52. c6 Be6 53. Nxe6 Kxe6 54. c8Q+ Kf7 55. Qf5+ Kg7 56. Rb7+ Rxb7 57. cxb7 Ba7 58. Bb2+ Kg8 59. Qg6+ Kf8 60. Qg7+ 1-0

[Event "Berlin Eckbauer op 09th"]
[Site "Berlin"]
[Date "2006.11.13"]
[Round "6"]
[White "Stadelmann, Bernd"]
[Black "Huebscher, Joachim"]
[Result "1/2-1/2"]
[WhiteElo "1263"]
[BlackElo "1781"]
[PlyCount "66"]
[EventDate "2006.10.09"]
[EventType "swiss"]
[EventRounds "7"]
[EventCountry "GER"]
[SourceTitle "EXT 2022"]
[Source "ChessBase"]
[SourceDate "2021.10.06"]
[SourceVersion "1"]
[SourceVersionDate "2021.10.06"]
[SourceQuality "1"]

1. d4 e6 2. e4 d5 3. Nc3 Bb4 4. e5 Ne7 5. Qg4 c5 6. a3 Bxc3+ 7. bxc3 Ng6 8. Bd3 c4 9. Bxg6 hxg6 10. Bg5 Qc7 11. f4 Bd7 12. h4 Ba4 13. Kd2 Nd7 14. h5 Nf8 15. Ne2 gxh5 16. Rxh5 Rxh5 17. Qxh5 g6 18. Qh8 Kd7 19. Qg8 Kc6 20. Rh1 Re8 21. Rb1 b6 22. Rb4 Bb5 23. a4 Ba6 24. Ng3 b5 25. axb5+ Bxb5 26. Nh1 a5 27. Rb2 a4 28. Nf2 Kb6 29. Ng4 Rb8 30. Nh6 Ka5 31. Qxf7 Qxf7 32. Nxf7 Nd7 33. Be7 Rb7 1/2-1/2

[Event "Berlin Eckbauer op 09th"]
[Site "Berlin"]
[Date "2006.10.09"]
[Round "1"]
[White "Huebscher, Joachim"]
[Black "Jurkatis, Hagen"]
[Result "1/2-1/2"]
[WhiteElo "1781"]
[BlackElo "1903"]
[PlyCount "140"]
[EventDate "2006.10.09"]
[EventType "swiss"]
[EventRounds "7"]
[EventCountry "GER"]
[SourceTitle "EXT 2022"]
[Source "ChessBase"]
[SourceDate "2021.10.06"]
[SourceVersion "1"]
[SourceVersionDate "2021.10.06"]
[SourceQuality "1"]

1. e4 d6 2. d3 Nf6 3. f4 Nbd7 4. Nf3 e5 5. g3 Be7 6. Bh3 c6 7. 0-0 0-0 8. f5 d5 9. Qe2 dxe4 10. dxe4 b5 11. a3 Bb7 12. Nc3 a5 13. Rd1 b4 14. Na4 Qc7 15. Bg5 c5 16. Nd2 Bc6 17. b3 Qb7 18. Bg2 Rfe8 19. c4 h6 20. Bh4 Nh7 21. Bxe7 Rxe7 22. Nb2 Ndf6 23. Nd3 Ng5 24. Nf2 Rd8 25. h4 Ngh7 26. axb4 axb4 27. Ra2 Ra8 28. Rda1 Rxa2 29. Rxa2 Qd7 30. Nf3 Nf8 31. Qe3 Qb7 32. Nd2 N8d7 33. g4 Nh7 34. Nd3 f6 35. Qf2 Qb6 36. Qe3 Re8 37. Nf3 Qb7 38. Nd2 Ra8 39. Rxa8+ Qxa8 40. Nf1 Qa7 41. Nxb4 Ba8 42. Nd3 Nhf8 43. b4 Qa4 44. bxc5 Qxc4 45. Nd2 Qc2 46. Nf3 Qb1+ 47. Nfe1 Nb8 48. g5 hxg5 49. hxg5 fxg5 50. Qxg5 Nbd7 51. Qe3 Bc6 52. Kh2 Qa1 53. Nf3 Bb5 54. Nfe1 Nf6 55. Bf3 N8d7 56. Kh3 Qc3 57. Kh4 Bxd3 58. Nxd3 Nxc5 59. Qxc5 Qxd3 60. Qf2 Nxe4 61. Bxe4 Qxe4+ 62. Kg5 Qd5 63. Kg6 e4 64. Qf4 Qf7+ 65. Kg5 Qe7+ 66. Kg4 Qe8 67. Qe3 Qe7 68. Kf4 Qd6+ 69. Kxe4 Qe7+ 70. Kf4 Kf7 1/2-1/2

[Event "Berlin op 09"]
[Site "Berlin"]
[Date "2004.09.27"]
[Round "4"]
[White "Windhausen, Georg"]
[Black "Huebscher, Joachim"]
[Result "1-0"]
[WhiteElo "2028"]
[BlackElo "1770"]
[PlyCount "59"]
[EventDate "2004.09.06"]
[EventType "swiss"]
[EventRounds "7"]
[EventCountry "GER"]
[SourceTitle "EXT 2007"]
[Source "ChessBase"]
[SourceDate "2006.11.23"]
[SourceVersion "1"]
[SourceVersionDate "2006.11.23"]
[SourceQuality "1"]

1. d3 e5 2. g3 Nf6 3. Bg2 d5 4. c3 Bc5 5. Nf3 Qd6 6. 0-0 0-0 7. d4 exd4 8. cxd4 Bb6 9. Bf4 Qd8 10. Nc3 c6 11. Qc2 Re8 12. Rad1 Bc7 13. Bg5 Nbd7 14. Rfe1 h6 15. Bc1 Ba5 16. Nh4 Nf8 17. Nf5 Qd7 18. Bh3 Kh8 19. g4 Ng6 20. Rd3 Bc7 21. Rf3 Qd8 22. g5 hxg5 23. Bxg5 Bxf5 24. Bxf5 Qd6 25. Rh3+ Kg8 26. Bxg6 fxg6 27. Qxg6 Ne4 28. Qh7+ Kf7 29. Rf3+ Ke6 30. Qh3# 1-0

[Event "Berlin op 09"]
[Site "Berlin"]
[Date "2004.09.13"]
[Round "2"]
[White "Huebscher, Joachim"]
[Black "Wallmann, Bodo"]
[Result "1-0"]
[WhiteElo "1770"]
[BlackElo "1623"]
[PlyCount "107"]
[EventDate "2004.09.06"]
[EventType "swiss"]
[EventRounds "7"]
[EventCountry "GER"]
[SourceTitle "EXT 2007"]
[Source "ChessBase"]
[SourceDate "2006.11.23"]
[SourceVersion "1"]
[SourceVersionDate "2006.11.23"]
[SourceQuality "1"]

1. e4 c5 2. d3 d6 3. f4 Nc6 4. Nf3 Qc7 5. g3 Nf6 6. Bg2 Bg4 7. c3 e6 8. 0-0 Be7 9. Na3 a6 10. Nc2 0-0 11. h3 Bxf3 12. Bxf3 Rab8 13. Qe2 Nd7 14. Ne3 b5 15. Qg2 Rbc8 16. Ng4 f5 17. exf5 exf5 18. Bd5+ Kh8 19. Ne3 Nd8 20. Re1 Nb6 21. Bd2 g6 22. Rac1 Bf6 23. b3 Qg7 24. Re2 Rc7 25. Bf3 Re7 26. Rce1 Rfe8 27. Bc6 Nxc6 28. Qxc6 Nc8 29. Kf1 Qh6 30. h4 Bxh4 31. Rh2 g5 32. gxh4 gxf4 33. Nxf5 Rxe1+ 34. Bxe1 Qe6 35. Bd2 Rg8 36. Qe4 Qf6 37. Qxf4 Qg6 38. Ne3 Qxd3+ 39. Ke1 Rg1+ 40. Kf2 Rg7 41. Qf8+ Rg8 42. Qf6+ Rg7 43. Nf1 Ne7 44. Rg2 Qf5+ 45. Qxf5 Nxf5 46. Rxg7 Kxg7 47. h5 Kf6 48. Ng3 Ng7 49. h6 Ne8 50. c4 bxc4 51. bxc4 Ke6 52. Ne4 Ke5 53. Kf3 Kf5 54. Bf4 1-0

[Event "Berlin Eckbauer op 4th"]
[Site "Berlin"]
[Date "2001.10.22"]
[Round "4"]
[White "Huebscher, Joachim"]
[Black "Kautz, Stefan"]
[Result "1/2-1/2"]
[WhiteElo "1561"]
[BlackElo "1863"]
[PlyCount "73"]
[EventDate "2001.10.??"]
[EventType "swiss"]
[EventRounds "7"]
[EventCountry "GER"]
[SourceTitle "EXT 2005"]
[Source "ChessBase"]
[SourceDate "2004.11.15"]
[SourceVersion "1"]
[SourceVersionDate "2004.11.15"]
[SourceQuality "1"]

1. e4 c5 2. d3 d6 3. f4 Nc6 4. Nf3 e6 5. g3 g6 6. Bg2 Bg7 7. c3 Nge7 8. 0-0 0-0 9. Na3 a6 10. Nh4 f5 11. Nc2 Qc7 12. Ne3 Kh8 13. exf5 exf5 14. Qb3 Rb8 15. Nd5 Nxd5 16. Bxd5 b5 17. Bd2 Ne7 18. Bg2 d5 19. Nf3 Be6 20. d4 Nc6 21. dxc5 Na5 22. Qc2 Qxc5+ 23. Kh1 b4 24. Rfe1 bxc3 25. Rxe6 cxb2 26. Qxc5 bxa1Q+ 27. Re1 Nb7 28. Qxd5 Rfd8 29. Qc4 Qb2 30. Ne5 Bxe5 31. Rxe5 Rxd2 32. Qxa6 Rxg2 33. Qf6+ Kg8 34. Qe6+ Kg7 35. Qe7+ Kh6 36. Qh4+ Kg7 37. Qe7+ 1/2-1/2

[Event "Berlin Eckbauer op 4th"]
[Site "Berlin"]
[Date "2001.10.01"]
[Round "1"]
[White "Huebscher, Joachim"]
[Black "Von Loehneysen, Leonard"]
[Result "0-1"]
[WhiteElo "1561"]
[BlackElo "2000"]
[PlyCount "68"]
[EventDate "2001.10.??"]
[EventType "swiss"]
[EventRounds "7"]
[EventCountry "GER"]
[SourceTitle "EXT 2005"]
[Source "ChessBase"]
[SourceDate "2004.11.15"]
[SourceVersion "1"]
[SourceVersionDate "2004.11.15"]
[SourceQuality "1"]

1. e4 c6 2. f4 d5 3. exd5 cxd5 4. Nf3 Bg4 5. Be2 Nf6 6. Nd4 Bxe2 7. Qxe2 Nc6 8. Nxc6 bxc6 9. b3 e6 10. Ba3 Bxa3 11. Nxa3 Qd6 12. Qa6 0-0 13. Rf1 e5 14. f5 Rfb8 15. 0-0-0 Qb4 16. Nb1 c5 17. c3 Qh4 18. h3 c4 19. b4 Ne4 20. Rde1 Nf2 21. Re3 Nd3+ 22. Kd1 Rb6 23. Qa5 Qd8 24. Ke2 Qd6 25. Qa4 Rab8 26. a3 a5 27. Qc2 axb4 28. cxb4 Nxb4 29. axb4 d4 30. Qxc4 dxe3 31. f6 Rxb4 32. Qa2 gxf6 33. Nc3 Rb2 34. Qa4 Qxd2+ 0-1

[Event "Berlin op 10"]
[Site "Berlin"]
[Date "2000.11.27"]
[Round "7"]
[White "Huebscher, Joachim"]
[Black "Karpati, Ralf"]
[Result "1-0"]
[WhiteElo "1591"]
[BlackElo "1345"]
[PlyCount "85"]
[EventDate "2000.10.16"]
[EventType "swiss"]
[EventRounds "7"]
[EventCountry "GER"]
[SourceTitle "EXT 2007"]
[Source "ChessBase"]
[SourceDate "2006.11.23"]
[SourceVersion "1"]
[SourceVersionDate "2006.11.23"]
[SourceQuality "1"]

1. e4 c5 2. d3 Nc6 3. f4 g6 4. Nf3 Bg7 5. c3 e6 6. g3 Nge7 7. Bg2 d5 8. 0-0 d4 9. c4 0-0 10. Nh4 f5 11. Na3 e5 12. Nc2 fxe4 13. Bxe4 Bh3 14. Rf2 Qd7 15. Bd2 Kh8 16. Rb1 Nf5 17. Nxf5 gxf5 18. Bf3 Rae8 19. fxe5 Nxe5 20. Bf4 Nxf3+ 21. Qxf3 Bg4 22. Qg2 Be5 23. b4 Bxf4 24. Rxf4 Re2 25. Rf2 Rfe8 26. Rbf1 Qa4 27. h3 Qxc2 28. hxg4 Rxf2 29. Rxf2 Re1+ 30. Kh2 Qxd3 31. gxf5 Qe4 32. bxc5 Qg4 33. Qf3 Qxf3 34. Rxf3 Re3 35. Rxe3 dxe3 36. Kg2 e2 37. Kf2 e1Q+ 38. Kxe1 Kg7 39. Kf2 Kf6 40. g4 h6 41. a4 a5 42. Ke3 Ke5 43. Kf3 1-0